| 000 | 00368nam a22001217a 4500 | ||
|---|---|---|---|
| 082 | _a220 PRO | ||
| 100 |
_aFARRUKH,RAAFAY _972412 |
||
| 245 | _aPR-SOF-1084-SMART PHONE INTERFACE FOR INTELLIGENT CONTROL OF MOBILE ROBOTS | ||
| 260 |
_aISLAMABAD _bNUST COLLEGE OF EME _c2011 |
||
| 650 |
_aDE-MTS-29 _972413 |
||
| 700 |
_aSUPERVISOR ,DR KUNWAR FARAZ _971886 |
||
| 942 | _cCR | ||
| 999 |
_c578455 _d578455 |
||